日文假名对应五十音(来源汉字提示版) - Statistics

General Stats
  • This quiz has been taken 30 times
    25 since last reset
  • The average score is 42 of 46
Answer Stats
来源汉字 平/片假名 读音 % Correct
なナ na
100%
安/阿 あア a
95%
知/千 ちチ chi
95%
波/八 はハ ha
95%
ほホ ho
95%
以/伊 いイ i
95%
かカ ka
95%
くク ku
95%
まマ ma
95%
もモ mo
95%
武/牟 むム mu
95%
无/尓 んン n
95%
ねネ ne
95%
のノ no
95%
ぬヌ nu
95%
左/散 さサ sa
95%
しシ shi
95%
そソ so
95%
太/多 たタ ta
95%
とト to
95%
うウ u
95%
やヤ ya
95%
衣/江 えエ e
89%
ふフ fu
89%
へヘ he
89%
ひヒ hi
89%
計/介 けケ ke
89%
きキ ki
89%
こコ ko
89%
めメ me
89%
美/三 みミ mi
89%
にニ ni
89%
おオ o
89%
らラ ra
89%
れレ re
89%
りリ ri
89%
ろロ ro
89%
留/流 るル ru
89%
せセ se
89%
寸/須 すス su
89%
てテ te
89%
つツ tsu
89%
わワ wa
89%
遠/乎 をヲ wo
89%
与/與 よヨ yo
89%
ゆユ yu
89%
No matching quizzes found
Score Distribution
Percent of People with Each Score
Percentile by Number Answered
Your Score History
You have not taken this quiz since the last reset